| 000 | 00874cam a22002775i 4500 | ||
|---|---|---|---|
| 999 |
_c6898 _d6898 |
||
| 003 | EG-ScBUE | ||
| 005 | 20200119102123.0 | ||
| 008 | 190728t19821982nyu f b 001 0 eng d | ||
| 020 | _a0030605490 (pbk.) | ||
| 040 |
_aEG-ScBUE _beng _erda _cEG-ScBUE _dEG-ScBUE |
||
| 082 | 0 | 4 |
_a808.81 _bHAL _222 |
| 100 | 1 |
_aHall, Donald, _d1928-2018. _eauthor. |
|
| 245 | 1 | 0 |
_aTo read poetry / _cDonald Hall. |
| 264 | 1 |
_aNew York : _bCBS College Publishing : _bHolt, Rinehart and Winston, _c[1982] |
|
| 264 | 4 | _cc1982 | |
| 300 |
_axxi, 401 pages ; _c24 cm |
||
| 336 |
_atext _btxt _2rdacontent |
||
| 337 |
_aunmediated _bn _2rdamedia |
||
| 338 |
_avolume _bnc _2rdacarrier |
||
| 504 | _aIncludes bibliographical references and index. | ||
| 650 | 7 |
_aEnglish poetry. _2BUEsh _930774 |
|
| 650 | 7 |
_aAmerican poetry. _2BUEsh _930775 |
|
| 651 | _2BUEsh | ||
| 653 | _bHHUUEENN | ||
| 942 |
_cBB _2ddc |
||